[Event "RUS-chT Blitz Women 2018"]
[Site "Sochi"]
[Date "2018.10.10"]
[Round "12"]
[White "Sukhareva, Valentina"]
[Black "Zavivaeva, Emilia"]
[Result "1-0"]
[WhiteElo "1817"]
[BlackElo "1633"]
[Annotator "NA RC"]
[PlyCount "159"]
[EventDate "2018.10.10"]
[EventType "swiss"]
[EventCountry "RUS"]
[SourceTitle "playchess.com"]
[Source "ChessBase"]
[SourceQuality "1"]
[TimeControl "180+2"]

1. d4 {[%emt 0:00:02]} Nf6 {[%emt 0:00:00]} 2. Bg5 {[%emt 0:00:02]} b6 {[%emt 0:00:24]} 3. c4 {[%emt 0:00:07]} Bb7 4. Nc3 {[%emt 0:00:03]} h6 {[%emt 0:00:04]} 5. Bxf6 {[%emt 0:00:02]} gxf6 {[%emt 0:00:22]} 6. e4 {[%emt 0:00:04]} e5 {[%emt 0:00:02]} 7. d5 {[%emt 0:00:07]} Bb4 {[%emt 0:00:04]} 8. Qc2 {[%emt 0:00:06]} d6 {[%emt 0:00:02]} 9. g3 {[%emt 0:00:07]} Nd7 {[%emt 0:00:03]} 10. Bh3 {[%emt 0:00:02]} Nc5 {[%emt 0:00:02]} 11. Nge2 {[%emt 0:00:14]} Ba6 {[%emt 0:00:04]} 12. b3 {[%emt 0:00:06]} Bc8 {[%emt 0:00:08]} 13. a3 {[%emt 0:00:01]} Bxc3+ {[%emt 0:00:05]} 14. Nxc3 {[%emt 0:00:04]} Bxh3 {[%emt 0:00:02]} 15. b4 {[%emt 0:00:14]} Nb7 {[%emt 0:00:18]} 16. O-O-O {[%emt 0:00:04]} a5 {[%emt 0:00:07]} 17. Kb2 {[%emt 0:00:03]} Bg4 {[%emt 0:00:10]} 18. Ra1 {[%emt 0:00:08]} axb4 {[%emt 0:00:06]} 19. axb4 {[%emt 0:00:01]} Rxa1 {[%emt 0:00:19]} 20. Rxa1 {[%emt 0:00:00]} Ke7 {[%emt 0:00:20]} 21. Nb5 {[%emt 0:00:17]} Qb8 {[%emt 0:00:45]} 22. Na7 {[%emt 0:00:03]} Bd7 {[%emt 0:00:03]} 23. f4 {[%emt 0:00:14]} Nd8 {[%emt 0:00:05]} 24. Qe2 {[%emt 0:00:13]} h5 {[%emt 0:00:05]} 25. fxe5 {[%emt 0:00:06]} dxe5 {[%emt 0:00:03]} 26. Kc3 {[%emt 0:00:04]} c6 {[%emt 0:00:02]} 27. Qd2 {[%emt 0:00:04]} c5 {[%emt 0:00:03]} 28. b5 {[%emt 0:00:08]} Qc7 {[%emt 0:00:02]} 29. Qe2 {[%emt 0:00:09]} Nb7 {[%emt 0:00:01]} 30. Rf1 {[%emt 0:00:04]} Na5 {[%emt 0:00:02]} 31. Nc6+ {[%emt 0:00:02]} Nxc6 {[%emt 0:00:03]} 32. dxc6 {[%emt 0:00:04]} Bg4 {[%emt 0:00:03]} 33. Qf2 {[%emt 0:00:02]} Qd6 {[%emt 0:00:02]} 34. Ra1 {[%emt 0:00:11]} Qc7 {[%emt 0:00:03]} 35. Ra6 {[%emt 0:00:06]} Rb8 {[%emt 0:00:02]} 36. Qa2 {[%emt 0:00:02]} Qd6 {[%emt 0:00:03]} 37. Ra7+ {[%emt 0:00:05]} Kf8 {[%emt 0:00:01]} 38. Qd2 {[%emt 0:00:07]} Qd4+ {[%emt 0:00:02]} 39. Qxd4 {[%emt 0:00:02]} exd4+ {[%emt 0:00:02]} 40. Kd3 {[%emt 0:00:01]} Rc8 {[%emt 0:00:02]} 41. Rb7 {[%emt 0:00:02]} Ke8 {[%emt 0:00:03]} 42. Rxb6 {[%emt 0:00:02]} Kd8 {[%emt 0:00:02]} 43. Rb7 {[%emt 0:00:01]} Rc7 {[%emt 0:00:01]} 44. Rb8+ {[%emt 0:00:03]} Ke7 {[%emt 0:00:01]} 45. Ra8 {[%emt 0:00:07]} Kd6 {[%emt 0:00:03]} 46. Ra1 {[%emt 0:00:09]} Ke5 {[%emt 0:00:03]} 47. Rb1 {[%emt 0:00:07]} Rc8 {[%emt 0:00:02]} 48. b6 Kd6 {[%emt 0:00:01]} 49. c7 {[%emt 0:00:11]} Kc6 {[%emt 0:00:02]} 50. b7 {[%emt 0:00:04]} Kxc7 {[%emt 0:00:01]} 51. bxc8=Q+ {[%emt 0:00:02]} Bxc8 {[%emt 0:00:03]} 52. Rb5 {[%emt 0:00:01]} Kc6 {[%emt 0:00:01]} 53. Ra5 {[%emt 0:00:02]} Be6 {[%emt 0:00:02]} 54. Ra8 {[%emt 0:00:01]} Kd6 {[%emt 0:00:02]} 55. Ra5 {[%emt 0:00:02]} Kc6 {[%emt 0:00:02]} 56. Ra1 {[%emt 0:00:03]} Kd6 {[%emt 0:00:02]} 57. Rf1 {[%emt 0:00:01]} Ke7 {[%emt 0:00:01]} 58. Rf4 {[%emt 0:00:02]} Bg4 {[%emt 0:00:02]} 59. Rf1 {[%emt 0:00:04]} Bh3 {[%emt 0:00:01]} 60. Ra1 {[%emt 0:00:03]} Be6 {[%emt 0:00:02]} 61. Ra6 {[%emt 0:00:02]} Kd7 {[%emt 0:00:02]} 62. Rb6 {[%emt 0:00:01]} Kc7 {[%emt 0:00:01]} 63. Ra6 {[%emt 0:00:02]} Kb7 {[%emt 0:00:02]} 64. Ra5 {[%emt 0:00:02]} Kb6 {[%emt 0:00:01]} 65. Ra8 {[%emt 0:00:02]} Kc6 {[%emt 0:00:02]} 66. Ra6+ {[%emt 0:00:02]} Kb7 {[%emt 0:00:02]} 67. Rd6 {[%emt 0:00:02]} Kc7 {[%emt 0:00:02]} 68. Ra6 {[%emt 0:00:02]} Kb7 {[%emt 0:00:01]} 69. Ra5 {[%emt 0:00:01]} Kb6 {[%emt 0:00:01]} 70. Ra8 {[%emt 0:00:01]} Kb7 {[%emt 0:00:01]} 71. Rh8 {[%emt 0:00:02]} Bg4 {[%emt 0:00:07]} 72. Rh7 {[%emt 0:00:01]} Kc6 {[%emt 0:00:03]} 73. Rxf7 {[%emt 0:00:02]} Kd6 {[%emt 0:00:02]} 74. Rxf6+ {[%emt 0:00:01]} Ke5 {[%emt 0:00:02]} 75. Rc6 {[%emt 0:00:03]} Bf3 {[%emt 0:00:02]} 76. Rxc5+ {[%emt 0:00:02]} Kd6 {[%emt 0:00:02]} 77. Kxd4 {[%emt 0:00:02]} Bg4 {[%emt 0:00:03]} 78. Rd5+ {[%emt 0:00:01]} Kc6 {[%emt 0:00:02]} 79. c5 {[%emt 0:00:02]} Kc7 {[%emt 0:00:03]} 80. e5 1-0

[Event "RUS-chT Blitz Women 2018"]
[Site "Sochi"]
[Date "2018.10.10"]
[Round "12"]
[White "Zavivaeva, Evelina"]
[Black "Seregina, Maria"]
[Result "0-1"]
[WhiteElo "1323"]
[BlackElo "1923"]
[Annotator "NA RC"]
[PlyCount "94"]
[EventDate "2018.10.10"]
[EventType "swiss"]
[EventCountry "RUS"]
[SourceTitle "playchess.com"]
[Source "ChessBase"]
[SourceQuality "1"]
[TimeControl "180+2"]

1. e4 {[%emt 0:00:00]} c5 {[%emt 0:00:00]} 2. c3 {[%emt 0:00:00]} Nc6 {[%emt 0:00:02]} 3. d4 {[%emt 0:00:01]} cxd4 {[%emt 0:00:09]} 4. cxd4 {[%emt 0:00:01]} d5 {[%emt 0:00:01]} 5. e5 {[%emt 0:00:04]} Bf5 {[%emt 0:00:16]} 6. Nc3 {[%emt 0:00:05]} Qd7 {[%emt 0:00:15]} 7. Bb5 {[%emt 0:00:05]} e6 {[%emt 0:00:10]} 8. Nge2 {[%emt 0:00:12]} a6 {[%emt 0:00:08]} 9. Qa4 {[%emt 0:00:10]} Nge7 {[%emt 0:00:12]} 10. b3 {[%emt 0:00:26]} Ng6 {[%emt 0:00:06]} 11. Ba3 {[%emt 0:00:11]} Be7 {[%emt 0:00:09]} 12. Bxe7 {[%emt 0:00:19]} Ngxe7 {[%emt 0:00:03]} 13. Qa3 {[%emt 0:00:31]} O-O {[%emt 0:00:05]} 14. Bxc6 {[%emt 0:00:03]} Nxc6 {[%emt 0:00:03]} 15. O-O {[%emt 0:00:00]} b5 {[%emt 0:00:01]} 16. Qb2 {[%emt 0:00:05]} Rac8 {[%emt 0:00:10]} 17. Rac1 {[%emt 0:00:07]} Nb4 {[%emt 0:00:12]} 18. Qd2 {[%emt 0:00:23]} a5 {[%emt 0:00:42]} 19. Nf4 {[%emt 0:00:11]} Rc7 {[%emt 0:00:15]} 20. Nce2 {[%emt 0:00:15]} Rfc8 {[%emt 0:00:03]} 21. Rxc7 {[%emt 0:00:03]} Rxc7 {[%emt 0:00:01]} 22. Rc1 {[%emt 0:00:05]} h6 {[%emt 0:00:07]} 23. Rxc7 {[%emt 0:00:06]} Qxc7 {[%emt 0:00:17]} 24. Qc3 {[%emt 0:00:00]} Qxc3 {[%emt 0:00:02]} 25. Nxc3 {[%emt 0:00:02]} g5 {[%emt 0:00:04]} 26. Nh5 {[%emt 0:00:07]} Bd3 {[%emt 0:00:03]} 27. Nf6+ {[%emt 0:00:07]} Kg7 {[%emt 0:00:01]} 28. f3 {[%emt 0:00:08]} Nc2 {[%emt 0:00:02]} 29. Nd7 {[%emt 0:00:05]} Nxd4 {[%emt 0:00:03]} 30. Kf2 {[%emt 0:00:03]} b4 {[%emt 0:00:04]} 31. Na4 {[%emt 0:00:03]} Bb5 {[%emt 0:00:01]} 32. Ndb6 {[%emt 0:00:02]} Nc6 {[%emt 0:00:03]} 33. Nc8 {[%emt 0:00:03]} Nxe5 {[%emt 0:00:02]} 34. Nd6 {[%emt 0:00:01]} Bxa4 {[%emt 0:00:02]} 35. bxa4 {[%emt 0:00:01]} Nc6 {[%emt 0:00:02]} 36. Nb7 {[%emt 0:00:02]} e5 {[%emt 0:00:02]} 37. Ke3 {[%emt 0:00:01]} Kf6 {[%emt 0:00:02]} 38. g3 {[%emt 0:00:01]} Ke6 {[%emt 0:00:01]} 39. f4 {[%emt 0:00:01]} d4+ {[%emt 0:00:02]} 40. Ke4 {[%emt 0:00:01]} f5+ {[%emt 0:00:00]} 41. Kd3 {[%emt 0:00:01]} e4+ {[%emt 0:00:02]} 42. Ke2 {[%emt 0:00:01]} gxf4 {[%emt 0:00:03]} 43. gxf4 {[%emt 0:00:01]} Kd5 {[%emt 0:00:02]} 44. h3 {[%emt 0:00:10]} d3+ {[%emt 0:00:04]} 45. Ke3 {[%emt 0:00:00]} Kc4 {[%emt 0:00:03]} 46. Nd6+ {[%emt 0:00:02]} Kc3 {[%emt 0:00:01]} 47. Nxe4+ {[%emt 0:00:05]} fxe4 {[%emt 0:00:02]} 0-1

[Event "RUS-chT Blitz Women 2018"]
[Site "Sochi"]
[Date "2018.10.10"]
[Round "12"]
[White "Sirotkina, Elizaveta"]
[Black "Nebolsina, Vera"]
[Result "0-1"]
[WhiteElo "1234"]
[BlackElo "2220"]
[Annotator "TA"]
[PlyCount "130"]
[EventDate "2018.10.10"]
[EventType "swiss"]
[EventCountry "RUS"]
[SourceTitle "playchess.com"]
[Source "ChessBase"]
[SourceQuality "1"]

{[%evp 11,130,-18,-1,0,0,-11,0,-19,0,-13,18,-86,-5,-14,-13,-8,0,-8,0,-6,-5,-113,-120,-145,-139,-293,-272,-280,-139,-133,-135,-139,-135,-129,-122,-126,-88,-130,-121,-168,-171,-187,-138,-227,-220,-231,-251,-279,-249,-199,-197,-195,-161,-156,-164,-155,-138,-152,0,0,0,0,0,0,28,-243,-258,-252,-256,-256,-168,-551,-545,-520,-508,-487,-477,-170,0,0,0,-29948,-29946,-29945,-29944,-5668,0,0,0,0,0,-29979,-29980,-29978,-29956,-29958,-29956,-29955,-29956,-29964,-29965,-29970,-29965,-29976,-29977,-29975,-29973,-29980,-29980,-29980,-29981,-29981,-29982,-29982,-29978,-29979,-29979,-29994,-29995,-29997,-5114]} 1. e4 e5 2. Nf3 Nf6 3. Nxe5 d6 4. Nf3 Nxe4 5. d3 Nf6 6. Bg5 Be7 {LiveBook: 6 Partien} 7. Nc3 {C42: Russische Verteidigung (Petrow)} (7. Be2 O-O 8. O-O h6 9. Bh4 Bf5 10. Re1 Nc6 11. Nbd2 Qd7 12. Nc4 Rae8 13. Qd2 Nd5 14. Bg3 Bf6 15. c3 {½-½ (95) Larino Nieto,D (2451)-Fridman,D (2637) Rabat 2015}) 7... h6 8. Bh4 c6 9. Be2 {Die Stellung ist ausgeglichen.} Nbd7 $146 ({Vorgänger:} 9... Be6 10. Nd4 Bc8 11. Qd2 Qb6 12. Nb3 d5 13. d4 Nbd7 14. O-O O-O {1-0 (44) Masselli,E (1513)-Gallardo Rojel,A (1899) Florianopolis 2017}) 10. O-O O-O 11. Ne4 (11. d4 $11) 11... d5 (11... Nxe4 $17 12. Bxe7 Qxe7 13. dxe4 Nf6) 12. Nxf6+ $11 Bxf6 13. Bxf6 Qxf6 14. c3 Re8 15. d4 Nf8 16. Bd3 (16. Ne5 $11 {bleibt in der Remisbreite.}) 16... Bg4 $17 17. Be2 Ng6 $1 {[%cal Rg6f4]} 18. Re1 $2 (18. Ne5 $17 Bxe2 19. Qxe2) 18... Nf4 $19 19. h3 Nxe2+ (19... Rxe2 $19 20. hxg4 Rae8) 20. Rxe2 $17 Bxf3 21. Rxe8+ Rxe8 22. Qxf3 Qxf3 23. gxf3 $19 {[%mdl 4096] Endspiel KT-KT} Kh7 24. Kg2 Kg6 25. Kg3 Kf5 26. f4 Re4 27. f3 (27. Rb1 $17) 27... Re2 (27... Rxf4 28. Re1 $14) 28. Rb1 f6 29. a3 a6 30. b3 Rc2 31. c4 Rd2 ({Finger weg von} 31... dxc4 32. bxc4 b5 33. cxb5 $17) 32. cxd5 cxd5 33. Rc1 Rxd4 34. Rc7 Rd2 $2 ({Bloß nicht} 34... Rxf4 35. Rxg7 b5 36. Ra7 $15) ({Günstiger ist} 34... h5 $17 {Droht ...h4+! und aus.} 35. h4 g6 36. Rxb7 Rxf4) 35. Rxg7 $11 d4 36. Rxb7 d3 37. Rd7 h5 {Droht ...h4+.} 38. a4 $2 {[%mdl 8192] [#]} (38. Rd5+ $11 {und Weiss muss sich keine Sorgen machen.} Ke6 39. Rd4 (39. Rxh5 $2 Rg2+ 40. Kxg2 d2 $19)) 38... h4+ $1 $19 {[%mdl 512]} 39. Kxh4 {Schwarz muss nun Kg3 beachten.} Kxf4 40. Rd6 f5 $1 41. Rxa6 $2 (41. b4) 41... Rb2 42. Rd6 Rxb3 43. a5 Kxf3 44. a6 $2 (44. Kg5 {ist eine bessere Chance.} f4 45. a6) 44... Ke2 $2 (44... Ra3 $19 {Und weiter mit ...Kf4 wäre nett.} 45. a7 Ke3) 45. a7 $11 Ra3 46. Rd7 $2 {[%mdl 8192]} (46. Kg5 $11) 46... d2 47. Re7+ Kf2 48. Rd7 {[#]} Ke1 $2 (48... Ke3 $1 $19 49. Kg5 {[#]} Rxa7 $1 {[%mdl 512]} 50. Rxd2 Kxd2 51. Kxf5 Rh7) 49. Re7+ Kf1 50. Rd7 Rxa7 51. Rxa7 $4 {[%mdl 8192]} (51. Rxd2 $11 Rg7 52. Rd5) 51... d1=Q {KD-KT. Schwarz setzt Matt.} 52. Rf7 Qd4+ 53. Kg5 Qe3+ 54. Kxf5 Qxh3+ 55. Kg6+ Ke2 56. Re7+ Kd3 57. Rf7 Ke4 58. Re7+ Kd5 59. Rf7 Ke5 60. Re7+ Kd6 61. Rf7 Qg4+ 62. Kf6 Qe6+ 63. Kg7 Qe5+ 64. Rf6+ Ke7 65. Kg8 Qxf6 {Precision: Weiß = 27%, Schwarz = 47%.} (65... Kxf6 $142 66. Kh8 Kg6+ 67. Kg8 Qg7#) 0-1

[Event "RUS-chT Blitz Women 2018"]
[Site "Sochi"]
[Date "2018.10.10"]
[Round "12"]
[White "Sarvarova, Alisa"]
[Black "Shafigullina, Zarina"]
[Result "0-1"]
[WhiteElo "1216"]
[BlackElo "2150"]
[Annotator "TA"]
[PlyCount "86"]
[EventDate "2018.10.10"]
[EventType "swiss"]
[EventCountry "RUS"]
[SourceTitle "playchess.com"]
[Source "ChessBase"]
[SourceQuality "1"]

{[%evp 16,85,50,48,50,14,27,6,53,21,61,44,49,9,223,-39,0,-16,-22,-29,2,-60,-78,-67,-40,-39,-51,-41,-32,-125,-26,-20,-18,-18,0,0,0,-6,-4,-26,-34,-43,-44,-128,-97,-137,-63,-183,-182,-661,-600,-12794,-12429,-5895,-1741,-1404,-1441,-29984,-29985,-29984,-29985,-29987,-29988,-29995,-29996,-29996,-29997,-29997,-29998,-29998,-29999,-29999]} 1. e4 c5 2. Nf3 Nc6 3. Bb5 g6 4. O-O Bg7 5. Nc3 Nd4 6. Nxd4 cxd4 7. Ne2 Qb6 8. Bc4 {B31: Sizilianisch (Rossolimo-Variante)} Nf6 (8... d6 9. d3 Nf6 10. Bb3 O-O 11. Kh1 Nd7 12. f4 Nc5 13. f5 Nxb3 14. axb3 d5 15. Bg5 dxe4 16. dxe4 {0-1 (39) Carlsen,M (2837)-Bacrot,E (2713) Biel 2012}) 9. d3 {LiveBook: 4 Partien} O-O 10. Bf4 $146 {Weiß steht etwas besser.} ({Vorgänger:} 10. Bg5 Qc5 11. Bxf6 Bxf6 12. f4 b5 13. Bb3 Bb7 14. Kh1 Bg7 15. f5 {1-0 (40) Andreikin,D (2686)-Rodin,D (2442) Olginka 2011}) 10... d6 11. Qd2 Rd8 12. Bh6 Bh8 13. Qg5 Qc5 14. f4 Re8 $2 {[#]} (14... d5 $1 $11 {und Schwarz muss sich keine Sorgen machen.} 15. exd5 Ng4) 15. Rf3 $2 (15. f5 $18 d5 16. fxg6 hxg6 17. Nf4 (17. exd5 Bd7 $16)) 15... Ng4 (15... Nxe4 $5 16. Bxf7+ Kxf7 17. dxe4 Bd7 $11) 16. Qxc5 (16. b4 {with more complications.} Qxg5 17. Bxg5 Ne3 18. Bb5 Bg4 19. Bxe8 Bxf3 20. gxf3 Rxe8 21. Rc1) 16... dxc5 17. Bg5 Ne3 18. f5 (18. Bb5 $11 Bg4 19. Bxe8 Bxf3 20. gxf3 Rxe8 21. c3) 18... Nxc4 $15 19. dxc4 Be5 20. fxg6 hxg6 21. Nf4 Bg4 22. Rg3 ({Günstiger ist} 22. Rf2 $15) 22... Bxf4 (22... Be6 $17 23. b3 Bd7) 23. Bxf4 $11 Be6 24. b3 a6 25. c3 Rad8 26. cxd4 Rxd4 27. Re3 b5 28. Be5 Rd2 29. Rf1 (29. cxb5 $15 axb5 30. a4) 29... bxc4 30. bxc4 Bxc4 ({Lieber} 30... Rxa2 $17 {Und ...f6 würde nun gewinnen.} 31. Ra1 Rxa1+ 32. Bxa1 Rb8) 31. Rh3 (31. Rc1 $15 Bb5 32. Rxc5) 31... f6 $19 32. Bxf6 $2 {[#]} (32. Bc3 Rxa2 33. Rc1) 32... Bxf1 33. Kxf1 exf6 34. Rg3 Kf7 35. Rc3 Rxe4 36. Rxc5 Rxa2 {Schwarz setzt Matt.} 37. Rc7+ Ke6 38. h3 Ree2 39. Rh7 Rf2+ 40. Kg1 Rxg2+ 41. Kf1 Rgb2 {[%cal Rb2b1]} 42. Re7+ Kxe7 {[%cal Rb2b1]} 43. h4 Rb1# {Precision: Weiß = 16%, Schwarz = 24%.} ({Besser ist} 43... Ra1#) 0-1